Central Library OPAC University of Rajshahi

বাংলাদেশের ফোকলোর চর্চার ইতিহাস / (Record no. 48973)

MARC details
000 -LEADER
fixed length control field 01002nam a2200229 a 4500
001 - CONTROL NUMBER
control field 48973
003 - CONTROL NUMBER IDENTIFIER
rucl marc code BD-RjUL
005 - DATE AND TIME OF LATEST TRANSACTION
control field 20211209054621.0
008 - FIXED-LENGTH DATA ELEMENTS--GENERAL INFORMATION
fixed length control field 160817s2000 bg b 001 0 beno
035 ## - SYSTEM CONTROL NUMBER
System control number (BD-RjUL)49092
040 ## - CATALOGING SOURCE
Modifying agency BD-RjUL
Language of cataloging ben
Original cataloging agency BD-RjUL
Transcribing agency BD-RjUL
041 ## - LANGUAGE CODE
Language code of text/sound track or separate title ben
082 ## - DEWEY DECIMAL CLASSIFICATION NUMBER
Classification number 398.095492
Author mark and year JAB 2000
Edition number 23
100 1# - MAIN ENTRY--PERSONAL NAME
Personal name জলিল, মুহম্মদ আবদুল
Dates associated with a name 1928-2003.
9 (RLIN) 117892
245 10 - TITLE STATEMENT
Title বাংলাদেশের ফোকলোর চর্চার ইতিহাস /
Statement of responsibility, etc. মুহম্মদ আবদুল জলিল
260 ## - PUBLICATION, DISTRIBUTION, ETC. (IMPRINT)
Date of publication, distribution, etc. ঢাকা :
Place of publication, distribution, etc. আফসার ব্রাদার্স,
Name of publisher, distributor, etc. ২০০০
300 ## - PHYSICAL DESCRIPTION
Pagination ১২২ পৃ. ;
Size ২২ সেমি.
504 ## - BIBLIOGRAPHY, ETC. NOTE
Bibliography, etc গ্রন্থপঞ্জী ও নির্ঘন্ট সংযুক্ত ।
650 #0 - SUBJECT ADDED ENTRY--TOPICAL TERM
Topical term or geographic name as entry element লোকাচারবিদ্যা
9 (RLIN) 117893
General subdivision ইতিহাস
Geographic subdivision বাংলাদেশ
Topical term or geographic name as entry element Folklore
9 (RLIN) 117894
General subdivision History
Geographic subdivision Bangladesh
942 ## - ADDED ENTRY ELEMENTS (KOHA)
Source of classification or shelving scheme Dewey Decimal Classification
Koha item type Books
Holdings
Lost status Source of classification or shelving scheme Damaged status Not for loan Collection code Permanent Location Current Location Shelving location Date acquired Source of acquisition Cost, normal purchase price Total Checkouts Full call number Date last seen Copy number Koha item type Date checked out
  Dewey Decimal Classification     Non-fiction Central Library, University of Rajshahi Central Library, University of Rajshahi   04/05/2000 Author 85.00   B 398.095492 JAB 2000 17/08/2016 C-2 Books  
  Dewey Decimal Classification     Non-fiction Central Library, University of Rajshahi Central Library, University of Rajshahi   04/05/2000 Author 85.00 1 B 398.095492 JAB 2000 02/12/2019 C-3 Books 24/11/2019
  Dewey Decimal Classification     Non-fiction Central Library, University of Rajshahi Central Library, University of Rajshahi   04/05/2000 Lekhok, Rajshahi 85.00   B 398.095492 JAB 2000 23/10/2016 C-4 Books  
  Dewey Decimal Classification   Not For Loan Non-fiction Central Library, University of Rajshahi Central Library, University of Rajshahi Reading Room 09/12/2021 Rajshahi, the Author 150.00   B 398.095492 JAB 2000 11/03/2021 C-1 Books